Statistics for Source of U.S Immigrants

Click here to take the quiz!

General Stats

  • This quiz has been taken 94 times
  • The average score is 19 of 24

Answer Stats

# of res.Country% Correct
156,052Mexico
99%
19,825Brazil
98%
62,248China
96%
54,495India
95%
11,337United Kingdom
95%
41,641Cuba
93%
19,841Colombia
91%
11,388Canada
90%
13,453Guatemala
85%
15,901Honduras
85%
13,921Pakistan
85%
15,720Venezuela
85%
49,911Dominican Republic
80%
45,920Philippines
80%
18,479South Korea
80%
39,712Vietnam
80%
17,253Haiti
79%
27,656El Salvador
76%
15,176Bangladesh
72%
11,083Ecuador
68%
15,888Nigeria
68%
21,689Jamaica
66%
11,762Ukraine
56%
10,201Nepal
27%

Score Distribution

Percentile by Number Answered

Percent of People with Each Score

Your Score History

You have not taken this quiz